Kamienie na szaniec /
-д хадгалсан:
| Үндсэн зохиолч: | |
|---|---|
| Байгууллагын зохиогч: | |
| Бусад зохиолчид: | |
| Формат: | Ном |
| Хэл сонгох: | польш |
| Хэвлэсэн: |
Katowice :
"Książnica",
1995
|
| Хэвлэл: | [Wyd. 18]. |
| Цуврал: | Lektura Szkolna - Książnica
|
| Нөхцлүүд: | |
| Шошгууд: |
Шошго байхгүй, Энэхүү баримтыг шошголох эхний хүн болох!
|
MARC
| LEADER | 00000nam a2200000 i 4500 | ||
|---|---|---|---|
| 001 | 991000282579705066 | ||
| 005 | 20260515140228.0 | ||
| 008 | 970620s1995 pl |000 0 pol | ||
| 020 | |a 8371320531 | ||
| 020 | |a 8371320752 | ||
| 035 | |a 991000282579705066 | ||
| 035 | |a (PL-WaBN)b10118974-48omnis_nlop | ||
| 035 | |a b10118974 | ||
| 035 | |a (OCoLC)833967306 | ||
| 035 | |a xx001618577 | ||
| 035 | |a (PL)b0000001011897 | ||
| 035 | |a (EXLNZ-48OMNIS_NETWORK)9910486203105606 | ||
| 040 | |a WA N |c WA N |d WA N | ||
| 041 | 0 | |a pol | |
| 080 | |a 884-92:943.8.082.2:329.78A/Z | ||
| 090 | |c 108 |d 107 | ||
| 100 | 1 | |a Kamiński, Aleksander |d (1903-1978) | |
| 240 | 1 | 0 | |a Kamienie na szaniec |l (pol.) |
| 245 | 1 | 0 | |a Kamienie na szaniec / |c Aleksander Kamiński ; wstępem i objaśnieniami opatrzyła Krystyna Heska-Kwaśniewicz. |
| 250 | |a [Wyd. 18]. | ||
| 260 | |a Katowice : |b "Książnica", |c 1995 |e (Opole : |f OZG). | ||
| 300 | |a 204, [2] s. ; |c 20 cm. | ||
| 490 | 1 | |a Lektura Szkolna / "Książnica" | |
| 500 | |a Zeszyt ćwiczeń / oprac. K. Heska-Kwaśniewicz. - 14, [2] s. | ||
| 521 | |a Dla kl. VII szkoły podstawowej. | ||
| 600 | 1 | 7 | |a Bytnar, Jan |d (1921-1943) |
| 600 | 1 | 7 | |a Dawidowski, Aleksy |d (1920-1943) |
| 600 | 1 | 7 | |a Zawadzki, Tadeusz |d (1921-1943) |
| 610 | 2 | 7 | |a Armia Krajowa (AK) |
| 610 | 2 | 7 | |a Szare Szeregi |
| 650 | 7 | |a Historia Warszawy | |
| 650 | 7 | |a Okupacja niemiecka Polski (1939-1945) | |
| 650 | 0 | |a World War, 1939-1945 |x Underground movements |z Poland | |
| 651 | 7 | |a Warszawa (woj. mazowieckie) | |
| 700 | 1 | |a Heska-Kwaśniewicz, Krystyna |d (1940- ) |e Redakcja | |
| 710 | 2 | |a Wydawnictwo "Książnica" | |
| 830 | 0 | |a Lektura Szkolna - Książnica | |
| 920 | |a 83-7132-053-1 ((z zeszytem ćwiczeń)) | ||
| 920 | |a 83-7132-075-2 | ||
| 942 | |c K | ||
| 952 | |0 0 |1 0 |4 0 |6 R__83_000000000000000 |7 0 |9 103 |a RYT |b RYT |d 2026-05-13 |e 1/2014 |g 10.00 |l 0 |o R.83 |p 2000000000831 |r 2026-05-15 14:02:28 |w 2026-05-15 |y BK |z da | ||
| 999 | |c 103 |d 103 | ||